000 01714cam a22004694i 4500
003 PE-LiUPU
005 20250731173021.0
008 150623s r 000 0 d
020 _a9004111549
035 _a(Sirsi) i9789004111547
040 _aPE-LiUPU
_bspa
_cPE-LiUPU
_erda
049 _aPRUA
082 0 4 _a221
_bI48
_221
245 0 0 _aIntertextuality in Ugarit and Israel /
_ceditado por Johannes C. de Moor.
264 1 _aLeiden, Holanda :
_bBrill,
_c1998.
300 _a213 páginas ;
_c25 centímetros
336 _atext
_2rdacontent
337 _aunmediated
_2rdamedia
338 _avolume
_2rdacarrier
490 0 _aOudtestamentische Studien ;
_v40
504 _aIncluye bibliografía.
505 0 _aWhat is a book? modern exegesis and the literary conventions of ancient israel. -The hebrew Bible and exegetical tradition. -Exegesis of the Exile. -Exile in the Septuagint. -Exegesis in the work of Illimilku of Ugartit. -The duality in God and man.
526 _aSEG42
526 _aSEG41
526 _aSEG40
526 _aSEG39
526 _aP94
526 _aP87
526 _aP86
526 _aP85
526 _aP77
526 _aP76
526 _aP35
630 _aBiblia.
_pA.T.
_xCrítica, interpretación, etc.
700 1 _aMoor, Johannes C. de,
_eed.
942 _2ddc
_cBOOK
949 _a221 I48
_wDEWEY
_c1
_i47448
_lCCODEBUL1
_mBUL
_r0
_sY
_tBOOK
_u2015-6-24
_xTEOLOGIA
_PP35
_0COMPRA
_o.STAFF. Colección General
994 _aC0
_bPEPRU
596 _a1
999 _a221 I48
_wDEWEY
_c24007
_i47448
_f2021-11-9
_g5
_lCCODEBUL1
_mBUL
_r0
_sY
_tBOOK
_u2015-6-24
_xTEOLOGIA
_PP35
_0COMPRA
_o.STAFF. Colección General
_d24007
980 _81
_gALBERTO SANCHEZ Responsable de Automatización